000 00538nam a2200181 a 4500
001 000001836
005 20200929145725.0
008 090629s1990 cu 000 0 spa d
040 _aDO-SdBNP
082 _axxx
_bK167c
100 1 _aKant, Immanuel,
_d1724-1804
_95982
245 1 0 _aCrítica del juicio /
_cImmanuel Kant ; prólogo Jorge Luis Villate Díaz.
260 _aLa Habana, :
_bCiencias Sociales,
_c1990.
300 _a312 p. ;
_c23 cm.
500 _aIncluye índice
500 _aIncluye notas a pie de páginas
049 _aBNPD
999 _c1713
_d1713